[Event "CYCC U16"]
[Site "Calgary CAN"]
[Date "2023.07.21"]
[Round "5.33"]
[White "Wright, Joshua"]
[Black "McBain, Robert"]
[Result "0-1"]
[WhiteElo "1137"]
[BlackElo "1399"]
[PlyCount "72"]
[EventDate "2023.07.19"]
[EventType "swiss"]
[EventRounds "7"]
[EventCountry "CAN"]

1. e4 e6 2. d4 d5 3. Bd3 dxe4 4. Bxe4 Nf6 5. Bf3 c5 6. Ne2 Nc6 7. Bxc6+ bxc6 8.
O-O Ba6 9. Re1 Bxe2 10. Rxe2 cxd4 11. Bg5 Be7 12. Rd2 c5 13. c3 e5 14. Qe2 Nd7
15. Bxe7 Qxe7 16. cxd4 exd4 17. Qxe7+ Kxe7 18. Re2+ Kd6 19. Rd2 Rhe8 20. Na3
Nb6 21. Rc1 Re7 22. Nb5+ Kd5 23. Nc3+ Kc6 24. Ne2 Kb5 25. Kf1 Rae8 26. f3 Nc4
27. Nxd4+ cxd4 28. Rxd4 Rc8 29. Kf2 Nb6 30. a4+ Ka6 31. Rcd1 Rc2+ 32. R1d2
Rxd2+ 33. Rxd2 Nxa4 34. Rd6+ Kb5 35. Rd2 Kb4 36. Rd4+ Kb3 0-1

[Event "CYCC U16"]
[Site "Calgary CAN"]
[Date "2023.07.21"]
[Round "5.34"]
[White "Hamboyan, Vartan"]
[Black "Mu, Shaunavon"]
[Result "0-1"]
[WhiteElo "1319"]
[BlackElo "1033"]
[PlyCount "106"]
[EventDate "2023.07.19"]
[EventType "swiss"]
[EventRounds "7"]
[EventCountry "CAN"]

1. e4 e6 2. d4 d5 3. exd5 exd5 4. Bd3 Nc6 5. c3 Bd6 6. h3 Nf6 7. Nf3 Be6 8. Bg5
h6 9. Bxf6 Qxf6 10. Nbd2 O-O 11. O-O Ne7 12. Nb3 g5 13. Re1 g4 14. hxg4 Bxg4
15. c4 Qf4 16. c5 Bxf3 17. Qxf3 Qh2+ 18. Kf1 Bf4 19. Rxe7 Rae8 20. Rxe8 Rxe8
21. Qh3 Qxh3 22. gxh3 Re6 23. Re1 Rf6 24. Kg2 Kf8 25. h4 c6 26. Re2 Bc7 27. Nd2
Rf4 28. Nf3 Rg4+ 29. Kh3 h5 30. Re1 Rf4 31. Kg2 Rg4+ 32. Kf1 Rf4 33. Ke2 Rf6
34. Ne5 Kg7 35. Ke3 Re6 36. Kd2 Ba5+ 37. Kd1 Bxe1 38. Kxe1 f6 39. f4 fxe5 40.
dxe5 Kf7 41. Kf2 b6 42. cxb6 axb6 43. a4 Re7 44. Ke3 c5 45. b3 Ke6 46. Kf3 Rg7
47. Kf2 Rg4 48. Kf3 Rxh4 49. Kg3 Rh1 50. Bg6 Rg1+ 51. Kh4 Rxg6 52. Kxh5 Rg1 53.
Kh6 d4 0-1

[Event "CYCC U16"]
[Site "Calgary CAN"]
[Date "2023.07.21"]
[Round "5.36"]
[White "Gao, Sean"]
[Black "Offengenden, Ron"]
[Result "0-1"]
[WhiteElo "1172"]
[BlackElo "1812"]
[PlyCount "34"]
[EventDate "2023.07.19"]
[EventType "swiss"]
[EventRounds "7"]
[EventCountry "CAN"]

1. e4 e5 2. Nf3 Nc6 3. Bc4 Bc5 4. d3 Nf6 5. Bg5 d6 6. h3 Be6 7. Bb3 h6 8. Bh4
Qe7 9. c3 a6 10. d4 exd4 11. cxd4 Bxb3 12. Qxb3 Qxe4+ 13. Kd2 Nxd4 14. Nxd4
Qxd4+ 15. Kc2 O-O 16. Qg3 Ne4 17. Qf3 Nxf2 0-1

[Event "CYCC U16"]
[Site "Calgary CAN"]
[Date "2023.07.21"]
[Round "5.37"]
[White "Yim, Warren"]
[Black "Yang, Vincent"]
[Result "0-1"]
[WhiteElo "739"]
[BlackElo "1670"]
[PlyCount "106"]
[EventDate "2023.07.19"]
[EventType "swiss"]
[EventRounds "7"]
[EventCountry "CAN"]

1. e4 c6 2. Nf3 d5 3. exd5 cxd5 4. d4 Nf6 5. Nc3 Bg4 6. Be2 Nc6 7. O-O e6 8.
Bf4 Qb6 9. Nb5 Rc8 10. b3 Bxf3 11. gxf3 a6 12. Nd6+ Bxd6 13. Bxd6 Nxd4 14. Be5
Nxe2+ 15. Qxe2 Qd8 16. Rac1 O-O 17. Rfd1 Nd7 18. f4 Nxe5 19. Qxe5 Qa5 20. a4
Qc3 21. Qxc3 Rxc3 22. Rd3 Rfc8 23. Rxc3 Rxc3 24. Kf1 b5 25. axb5 axb5 26. Ke1
f5 27. Kd2 Rh3 28. Rh1 Rf3 29. c4 bxc4 30. bxc4 dxc4 31. Ke2 Rxf4 32. Ke3 g5
33. Rg1 Re4+ 34. Kd2 h6 35. f3 Rf4 36. Kc3 Kf7 37. Kb4 Kf6 38. Kc5 c3 39. Rc1
Rxf3 40. Kd4 g4 41. Rxc3 Rxc3 42. Kxc3 Ke5 43. Kd3 Kf4 44. Ke2 e5 45. Kf2 e4
46. Ke2 h5 47. Kf2 e3+ 48. Ke2 h4 49. Ke1 Kf3 50. Kf1 g3 51. hxg3 hxg3 52. Kg1
e2 53. Kh1 e1=Q# 0-1

[Event "CYCC U16"]
[Site "Calgary CAN"]
[Date "2023.07.21"]
[Round "6.15"]
[White "Lin, Leo"]
[Black "Chen, Max"]
[Result "1/2-1/2"]
[WhiteElo "2212"]
[BlackElo "2341"]
[PlyCount "97"]
[EventDate "2023.07.19"]
[EventType "swiss"]
[EventRounds "7"]
[EventCountry "CAN"]

1. e4 c6 2. Nf3 d5 3. exd5 cxd5 4. Ne5 Nc6 5. d4 Nf6 6. Bb5 Bd7 7. Nxd7 Qxd7 8.
c3 e6 9. O-O Bd6 10. Nd2 O-O 11. Re1 a6 12. Bd3 Qc7 13. g3 b5 14. a3 Rfb8 15.
Qe2 Na5 16. Nf3 Nb3 17. Rb1 Nxc1 18. Rbxc1 Nd7 19. Kg2 Nb6 20. Bxh7+ Kxh7 21.
Ng5+ Kh6 22. Qg4 Re8 23. Qh4+ Kg6 24. Re3 f5 25. Nxe6 Qf7 26. Rce1 Nc4 27. R3e2
Qf6 28. Nf4+ Bxf4 29. Qxf6+ Kxf6 30. Rxe8 Rxe8 31. Rxe8 Bc1 32. b3 Nd6 33. Ra8
Bb2 34. Rxa6 Ke6 35. Rc6 Bxa3 36. b4 Bc1 37. h4 g6 38. f3 Bh6 39. f4 Bg7 40.
Kh3 Bh6 41. Rc5 Bf8 42. g4 fxg4+ 43. Kxg4 Be7 44. Rc6 Bf6 45. Ra6 Be7 46. Rb6
Bd8 47. Ra6 Be7 48. Rc6 Kd7 49. Ra6 1/2-1/2

[Event "CYCC U16"]
[Site "Calgary CAN"]
[Date "2023.07.21"]
[Round "6.17"]
[White "Srinivasan, Hemant"]
[Black "Song, Ethan"]
[Result "1/2-1/2"]
[WhiteElo "2200"]
[BlackElo "2255"]
[PlyCount "62"]
[EventDate "2023.07.19"]
[EventType "swiss"]
[EventRounds "7"]
[EventCountry "CAN"]

1. d4 Nf6 2. c4 e6 3. Nc3 Bb4 4. e3 b6 5. Bd3 Bb7 6. Nge2 Bxg2 7. Rg1 Bf3 8.
Qc2 Bd6 9. Ng3 Nc6 10. a3 a5 11. Nb5 Be7 12. e4 d6 13. Bf4 e5 14. Be3 exd4 15.
Nxd4 Nxd4 16. Bxd4 g6 17. h3 Rg8 18. Qd2 Rf8 19. Qe3 Bh5 20. f4 Qd7 21. e5 dxe5
22. fxe5 O-O-O 23. exf6 Rfe8 24. Be4 Qxd4 25. Qxd4 Rxd4 26. fxe7 Rxe7 27. Kf2
Rdxe4 28. Nxe4 Rxe4 29. Rge1 Rxc4 30. Rac1 Rf4+ 31. Kg2 g5 1/2-1/2

[Event "CYCC U16"]
[Site "Calgary CAN"]
[Date "2023.07.21"]
[Round "6.18"]
[White "Huang, Youhe"]
[Black "Zhu, Matthew"]
[Result "1-0"]
[WhiteElo "2285"]
[BlackElo "2200"]
[PlyCount "107"]
[EventDate "2023.07.19"]
[EventType "swiss"]
[EventRounds "7"]
[EventCountry "CAN"]

1. e4 c5 2. Nc3 d6 3. Nf3 Nf6 4. e5 dxe5 5. Nxe5 a6 6. a4 e6 7. g3 Qc7 8. Nc4
Bd7 9. Bg2 Bc6 10. Bxc6+ Nxc6 11. d3 Nd5 12. Nxd5 exd5 13. Bf4 Qd8 14. Qe2+ Be7
15. Nd6+ Kf8 16. Nf5 Qd7 17. Qh5 Qe6+ 18. Kd2 Qg6 19. g4 Qxh5 20. gxh5 g6 21.
Bh6+ Ke8 22. Ne3 Rd8 23. Rhg1 Rd7 24. Rae1 Kd8 25. Ng4 Re8 26. Rxe7 Rdxe7 27.
Bg5 Kc8 28. Bxe7 Rxe7 29. Rg3 Re6 30. Ne3 Rf6 31. Ng4 Rf5 32. hxg6 fxg6 33. Ke3
Ne5 34. h3 Kc7 35. f4 Nc6 36. c3 b5 37. axb5 axb5 38. d4 Kd6 39. Nh6 Rf6 40.
Ng4 Rf5 41. Rf3 Na5 42. dxc5+ Kxc5 43. b4+ Kb6 44. bxa5+ Kxa5 45. Kd4 b4 46.
cxb4+ Kxb4 47. Ne3 Rf8 48. Nxd5+ Kb5 49. Rb3+ Kc6 50. Rb6+ Kd7 51. Rb7+ Ke6 52.
Rxh7 Rd8 53. Re7+ Kf5 54. Re5# 1-0

[Event "CYCC U16"]
[Site "Calgary CAN"]
[Date "2023.07.21"]
[Round "6.19"]
[White "Sharma, Vishruth"]
[Black "Ajith, Aayush"]
[Result "1/2-1/2"]
[WhiteElo "2198"]
[BlackElo "2139"]
[PlyCount "70"]
[EventDate "2023.07.19"]
[EventType "swiss"]
[EventRounds "7"]
[EventCountry "CAN"]

1. e4 c5 2. Nf3 d6 3. d4 cxd4 4. Nxd4 Nf6 5. Nc3 a6 6. f3 e5 7. Nb3 Be6 8. Be3
Nbd7 9. Qd2 h5 10. Nd5 Nxd5 11. exd5 Bf5 12. c4 Be7 13. Be2 h4 14. Rc1 b6 15.
O-O Nc5 16. Nxc5 bxc5 17. b4 cxb4 18. Qxb4 O-O 19. Rfd1 Rb8 20. Qd2 Bf6 21. c5
e4 22. c6 Rb2 23. Rc2 Rxc2 24. Qxc2 Qe7 25. f4 g5 26. fxg5 Bxg5 27. Qd2 Bxe3+
28. Qxe3 Bc8 29. Qh6 f5 30. Rf1 Rf7 31. Rf4 Rh7 32. Qg6+ Rg7 33. Qh5 Rh7 34.
Qg6+ Rg7 35. Qh5 Rh7 1/2-1/2

[Event "CYCC U16"]
[Site "Calgary CAN"]
[Date "2023.07.21"]
[Round "6.20"]
[White "Berube, Maximilien"]
[Black "Liu, Henry"]
[Result "0-1"]
[WhiteElo "1832"]
[BlackElo "2180"]
[PlyCount "142"]
[EventDate "2023.07.19"]
[EventType "swiss"]
[EventRounds "7"]
[EventCountry "CAN"]

1. c4 e5 2. Nc3 Nc6 3. Nf3 g6 4. g3 Bg7 5. Bg2 f5 6. d3 Nf6 7. O-O O-O 8. e4 d6
9. Ne1 f4 10. Nc2 h5 11. d4 Nh7 12. dxe5 Bxe5 13. Nd5 fxg3 14. fxg3 Bg4 15.
Rxf8+ Qxf8 16. Qd3 Qg7 17. Rb1 a5 18. b3 Rf8 19. Be3 g5 20. Rf1 Be6 21. Rxf8+
Nxf8 22. Qd1 h4 23. Qh5 hxg3 24. hxg3 Bxd5 25. exd5 Nd4 26. Nxd4 Bxd4 27. Bxd4
Qxd4+ 28. Kh1 Qh8 29. Qxh8+ Kxh8 30. Be4 Nd7 31. Kg2 Kg7 32. Kf3 Kf6 33. Ke3
Ke5 34. a3 b5 35. Bd3 Nc5 36. Bc2 bxc4 37. bxc4 Nd7 38. Bd1 Nf6 39. Bf3 Ng8 40.
Be2 Nh6 41. g4 Ng8 42. Bd1 Nf6 43. Bf3 Nd7 44. Be4 Nb6 45. Bd3 Na4 46. Be2 Nb2
47. Bf1 Nd1+ 48. Ke2 Nc3+ 49. Ke3 a4 50. Bd3 Nd1+ 51. Kd2 Kd4 52. Bc2 Nb2 53.
c5 dxc5 54. Bf5 Nc4+ 55. Kc2 Nxa3+ 56. Kb2 Nc4+ 57. Kc1 Ne3 58. Bd7 a3 59. Kb1
Kc3 60. Ka2 Kb4 61. Be6 c4 62. Bf5 Nxd5 63. Kb1 Kb3 64. Bc2+ Kc3 65. Ba4 Nb4
66. Bd1 Kd2 67. Ba4 c3 68. Bc2 Nxc2 69. Ka2 Nd4 70. Kb1 c2+ 71. Ka2 Kc3 0-1

[Event "CYCC U16"]
[Site "Calgary CAN"]
[Date "2023.07.21"]
[Round "6.21"]
[White "Jiang, Kate"]
[Black "Srinivas, Atharva"]
[Result "1-0"]
[WhiteElo "2214"]
[BlackElo "1791"]
[PlyCount "77"]
[EventDate "2023.07.19"]
[EventType "swiss"]
[EventRounds "7"]
[EventCountry "CAN"]

1. e4 e5 2. Bc4 Nc6 3. d3 Nf6 4. a4 Bc5 5. Nf3 d6 6. h3 h6 7. c3 a5 8. O-O O-O
9. Re1 Ne7 10. Nbd2 Ng6 11. Nf1 c6 12. Bb3 Nh5 13. Be3 Nhf4 14. Qd2 Qf6 15.
Bxc5 dxc5 16. N1h2 Nh4 17. Nxh4 Qxh4 18. Qe3 Rd8 19. Rad1 Rd6 20. Kh1 Qg5 21.
Rg1 Rg6 22. d4 cxd4 23. cxd4 exd4 24. Qxd4 Bxh3 25. g3 Ne6 26. Bxe6 Bxe6 27. f4
Qh5 28. f5 Bxf5 29. exf5 Qxf5 30. Rdf1 Qc2 31. Rg2 Qb3 32. Rf3 Qa2 33. b3 Qa3
34. Qc4 Qe7 35. Re2 Qc7 36. Kg2 Rd8 37. Ng4 b5 38. axb5 cxb5 39. Qxc7 1-0

[Event "CYCC U16"]
[Site "Calgary CAN"]
[Date "2023.07.21"]
[Round "6.22"]
[White "He, Matthew"]
[Black "Zhang, James"]
[Result "1-0"]
[WhiteElo "2140"]
[BlackElo "1742"]
[PlyCount "67"]
[EventDate "2023.07.19"]
[EventType "swiss"]
[EventRounds "7"]
[EventCountry "CAN"]

1. d4 d5 2. c4 c6 3. Nf3 Nf6 4. e3 e6 5. b3 Nbd7 6. Bd3 Bd6 7. Bb2 O-O 8. O-O
Re8 9. Ne5 c5 10. Nd2 Qc7 11. f4 b6 12. Qc2 Bb7 13. h3 cxd4 14. exd4 Rac8 15.
Rae1 h6 16. g4 Bf8 17. Rf2 Nxe5 18. fxe5 Nd7 19. Bh7+ Kh8 20. Rxf7 Re7 21. Ref1
Rxf7 22. Rxf7 Re8 23. Bg6 Re7 24. Qd3 Qd8 25. Rf1 Ba6 26. Ba3 dxc4 27. bxc4 Re8
28. Bxe8 Qxe8 29. Bxf8 Nxf8 30. Qf3 Ng6 31. Qf7 Qd8 32. Qxg6 Qxd4+ 33. Rf2 Qa1+
34. Nf1 1-0

[Event "CYCC U16"]
[Site "Calgary CAN"]
[Date "2023.07.21"]
[Round "6.23"]
[White "Su, Ethan"]
[Black "Cheng, Adrien"]
[Result "1-0"]
[WhiteElo "2071"]
[BlackElo "1601"]
[PlyCount "57"]
[EventDate "2023.07.19"]
[EventType "swiss"]
[EventRounds "7"]
[EventCountry "CAN"]

1. Nf3 Nf6 2. g3 d5 3. d4 Bf5 4. c4 e6 5. Nc3 c6 6. Bg2 Bd6 7. O-O O-O 8. Nh4
Bg6 9. Nxg6 hxg6 10. Re1 Qc7 11. e4 dxe4 12. Nxe4 Nxe4 13. Rxe4 Rd8 14. Qc2 Be7
15. Bf4 Qd7 16. Rae1 Na6 17. a3 Bf6 18. Be3 Rac8 19. Bh3 Re8 20. Qd2 Rcd8 21.
Bg5 Nc5 22. Bxf6 Nxe4 23. Rxe4 gxf6 24. Qh6 g5 25. Rg4 Qe7 26. Bg2 e5 27. Be4
Qd6 28. Bh7+ Kh8 29. Bg6+ 1-0

[Event "CYCC U16"]
[Site "Calgary CAN"]
[Date "2023.07.21"]
[Round "6.24"]
[White "Chhatralia, Bhavik"]
[Black "Xu, Andrew"]
[Result "1/2-1/2"]
[WhiteElo "1663"]
[BlackElo "1965"]
[PlyCount "117"]
[EventDate "2023.07.19"]
[EventType "swiss"]
[EventRounds "7"]
[EventCountry "CAN"]

1. e4 c6 2. d4 d5 3. e5 c5 4. c3 Nc6 5. Nf3 Bg4 6. Be2 e6 7. Be3 Nge7 8. Na3
Nf5 9. Nc2 Be7 10. h3 Bxf3 11. Bxf3 Nxe3 12. fxe3 Bh4+ 13. Ke2 O-O 14. Ne1 Qb6
15. b3 Rac8 16. Nd3 cxd4 17. exd4 Ne7 18. Nc5 Nf5 19. Kd2 Qa5 20. g4 Nxd4 21.
b4 Nxf3+ 22. Qxf3 Qc7 23. Raf1 b6 24. Nb3 Qxe5 25. Nd4 Qg3 26. b5 Bg5+ 27. Kc2
Qxf3 28. Rxf3 Bf6 29. Nc6 Rc7 30. h4 a6 31. a4 Be7 32. g5 axb5 33. axb5 Ra8 34.
Rhf1 Bd6 35. Kb3 Ra3+ 36. Kb2 Ra4 37. Rh3 Rc8 38. Rhf3 Rf8 39. Rh3 Rfa8 40.
Rhf3 Ra2+ 41. Kb1 Ra1+ 42. Kc2 Rxf1 43. Rxf1 Ra4 44. h5 Rg4 45. Ra1 h6 46. Ra8+
Kh7 47. Nd8 Rf4 48. Nxf7 g6 49. Nxd6 hxg5 50. hxg6+ Kxg6 51. Rg8+ Kf6 52. Nc8
g4 53. Nxb6 Kf7 54. Rg5 Kf6 55. Rg8 Kf7 56. Rh8 g3 57. Rh1 Ke7 58. Kb3 Kd6 59.
Na4 1/2-1/2

[Event "CYCC U16"]
[Site "Calgary CAN"]
[Date "2023.07.21"]
[Round "6.25"]
[White "Prasanna, Shreyas"]
[Black "Hambardzumyan, Narek"]
[Result "0-1"]
[WhiteElo "1874"]
[BlackElo "1221"]
[PlyCount "98"]
[EventDate "2023.07.19"]
[EventType "swiss"]
[EventRounds "7"]
[EventCountry "CAN"]

1. e4 c5 2. Nc3 Nc6 3. f4 d6 4. Nf3 Bg4 5. Bb5 g6 6. Bxc6+ bxc6 7. O-O Bg7 8.
d3 Qb6 9. Kh1 Nf6 10. Qe1 h5 11. Qh4 Bxf3 12. Rxf3 Ng4 13. Qe1 Bd4 14. Rb1 c4
15. Na4 Qb5 16. b3 cxd3 17. cxd3 Nf2+ 18. Rxf2 Bxf2 19. Qxf2 Qxd3 20. Qe3 Qxb1
21. Qc3 O-O 22. h3 Qxe4 23. Bb2 f6 24. Qg3 Kh7 25. Nc3 Qf5 26. Qe3 Rfe8 27. Ne4
a5 28. Ng3 Qd5 29. f5 Qd1+ 30. Kh2 g5 31. Qe6 Qd5 32. Qe2 Qf7 33. Nxh5 c5 34.
h4 Rg8 35. g4 a4 36. Qf3 Ra7 37. Qh3 Rh8 38. hxg5 Kg8 39. gxf6 Rxh5 40. gxh5
exf6 41. h6 Kh7 42. Qh4 axb3 43. Bxf6 bxa2 44. Ba1 Qxf5 45. Qc4 Kxh6 46. Qc1+
Qg5 47. Qe1 Qf4+ 48. Kh1 Kg5 49. Bg7 Qh4+ 0-1

[Event "CYCC U16"]
[Site "Calgary CAN"]
[Date "2023.07.21"]
[Round "6.27"]
[White "McBain, Robert"]
[Black "Chen, Matthew"]
[Result "0-1"]
[WhiteElo "1399"]
[BlackElo "1422"]
[PlyCount "106"]
[EventDate "2023.07.19"]
[EventType "swiss"]
[EventRounds "7"]
[EventCountry "CAN"]

1. e4 e5 2. Nf3 Nc6 3. Bb5 a6 4. Ba4 b5 5. Bb3 Nf6 6. O-O Bc5 7. d3 d6 8. c3
Bg4 9. h3 Bh5 10. Nbd2 O-O 11. Re1 Nd7 12. Nf1 Kh8 13. Bd5 Ndb8 14. Ng3 Bg6 15.
Be3 Bxe3 16. Rxe3 Ra7 17. d4 exd4 18. cxd4 Ne7 19. Bb3 f5 20. exf5 Nxf5 21.
Nxf5 Bxf5 22. d5 Qf6 23. Qd4 Ra8 24. Rc1 Qd8 25. Nh4 Nd7 26. Rf3 Bg6 27. Nxg6+
hxg6 28. Rxf8+ Nxf8 29. Qc3 Rc8 30. Qa5 c5 31. Qxa6 c4 32. Bc2 Rc5 33. Be4 Qf6
34. Qa3 Nd7 35. Rc3 Ne5 36. Re3 Qf4 37. Qa8+ Kh7 38. Qd8 Nd3 39. Bxg6+ Kxg6 40.
Qe8+ Kh7 41. Qh5+ Qh6 42. Qf5+ Qg6 43. Qd7 Rxd5 44. Rg3 Rg5 45. Rxg5 Qxg5 46.
Qxd6 Qc1+ 47. Kh2 Qf4+ 48. Qxf4 Nxf4 49. g4 Nd3 50. Kg3 Nxb2 51. f4 Nd3 52. Kf3
c3 53. Ke3 c2 0-1

[Event "CYCC U16"]
[Site "Calgary CAN"]
[Date "2023.07.21"]
[Round "6.30"]
[White "Offengenden, Ron"]
[Black "Ber, Sava"]
[Result "1-0"]
[WhiteElo "1812"]
[BlackElo "1179"]
[PlyCount "59"]
[EventDate "2023.07.19"]
[EventType "swiss"]
[EventRounds "7"]
[EventCountry "CAN"]

1. e4 c5 2. c3 e6 3. Nf3 Nc6 4. d4 d5 5. e5 f6 6. Bb5 Qb6 7. Bxc6+ bxc6 8. O-O
cxd4 9. Nxd4 fxe5 10. Qh5+ Ke7 11. Qxe5 h5 12. Re1 c5 13. Qxd5 cxd4 14. Qxa8
Bb7 15. Qb8 d3 16. Bf4 Qc6 17. Qc7+ Qxc7 18. Bxc7 g5 19. Nd2 Bh6 20. Re3 Ba6
21. c4 Bg7 22. Rae1 Rh6 23. Rxd3 Bxb2 24. Rb1 Bg7 25. Bd8+ Kf7 26. Bxg5 Rh7 27.
h4 Bc8 28. Rb8 Ba6 29. Rd7+ Kg6 30. Rxg8 1-0

[Event "CYCC U16"]
[Site "Calgary CAN"]
[Date "2023.07.21"]
[Round "6.31"]
[White "Yang, Vincent"]
[Black "Dossa, Andre"]
[Result "0-1"]
[WhiteElo "1670"]
[BlackElo "1050"]
[PlyCount "80"]
[EventDate "2023.07.19"]
[EventType "swiss"]
[EventRounds "7"]
[EventCountry "CAN"]

1. Nf3 d5 2. d4 e6 3. c4 a6 4. Nc3 dxc4 5. a4 Nc6 6. e4 Na5 7. Be3 Nf6 8. Bg5
Be7 9. Bxf6 Bxf6 10. e5 Be7 11. Ng1 Nb3 12. Rb1 Qxd4 13. Nf3 Qxd1+ 14. Rxd1 Na5
15. Be2 O-O 16. O-O b6 17. h3 Bb4 18. Na2 Bc5 19. Rc1 Bb7 20. Rfd1 Rfd8 21. Nc3
Nb3 22. Rxd8+ Rxd8 23. Rc2 Bxf3 24. Bxc4 Nd4 25. Rd2 Bb7 26. Kf1 Bb4 27. Rd1
Bxc3 28. bxc3 Nc6 29. Re1 g6 30. f4 Rd2 31. Re3 Na5 32. Be2 Bd5 33. Ke1 Ra2 34.
g4 Nc4 35. Bxc4 Bxc4 36. Re4 Bd5 37. Rd4 b5 38. axb5 axb5 39. Rb4 c6 40. Kf1
Rc2 0-1

[Event "CYCC U16"]
[Site "Calgary CAN"]
[Date "2023.07.21"]
[Round "6.32"]
[White "Wambo-Becker, Gaddiel"]
[Black "Terance, Nitish"]
[Result "0-1"]
[WhiteElo "955"]
[BlackElo "1532"]
[PlyCount "90"]
[EventDate "2023.07.19"]
[EventType "swiss"]
[EventRounds "7"]
[EventCountry "CAN"]

1. d4 Nf6 2. c4 g6 3. Nc3 Bg7 4. Nf3 O-O 5. e4 d6 6. Bd3 Nbd7 7. O-O e5 8. d5
Ne8 9. Be3 h6 10. Qd2 Kh7 11. Ne1 f5 12. f4 exf4 13. Bxf4 Ne5 14. Nf3 Nxd3 15.
Qxd3 fxe4 16. Qxe4 Nf6 17. Qe3 Nh5 18. Nd2 Bxc3 19. bxc3 Nxf4 20. Rxf4 Bf5 21.
Re1 Re8 22. Qxe8 Qxe8 23. Rxe8 Rxe8 24. g4 Re2 25. gxf5 Rxd2 26. f6 Kg8 27. Re4
Kf7 28. Re7+ Kxf6 29. Rxc7 Rxa2 30. c5 dxc5 31. Rxc5 Ke5 32. c4 Kd6 33. Rc8 Ra4
34. Kf2 a5 35. Rg8 Rxc4 36. Rxg6+ Kxd5 37. Rb6 Rb4 38. Rxh6 a4 39. Rh5+ Kc4 40.
Rh4+ Kb3 41. Rh3+ Kb2 42. Re3 a3 43. Re2+ Kb3 44. Re3+ Ka4 45. Rxa3+ Kxa3 0-1

[Event "CYCC U16"]
[Site "Calgary CAN"]
[Date "2023.07.21"]
[Round "6.33"]
[White "Lu, Kevin"]
[Black "Wang, Patrick"]
[Result "0-1"]
[WhiteElo "1463"]
[BlackElo "963"]
[PlyCount "52"]
[EventDate "2023.07.19"]
[EventType "swiss"]
[EventRounds "7"]
[EventCountry "CAN"]

1. e4 c5 2. Nf3 e6 3. d4 cxd4 4. Nxd4 Nf6 5. Nc3 Nc6 6. Nxc6 bxc6 7. Bd3 d5 8.
exd5 cxd5 9. O-O Bd6 10. f4 O-O 11. b3 Bb7 12. Bb2 Rc8 13. Ne2 Qb6+ 14. Bd4 Bc5
15. Bxc5 Qxc5+ 16. Kh1 Ng4 17. Qe1 Ne3 18. Rf3 d4 19. Ng1 Bxf3 20. Nxf3 g6 21.
Rc1 Rfd8 22. a4 Kg7 23. Qg3 Nd5 24. Ng5 Qd6 25. Nh3 Nb4 26. Bc4 d3 0-1

[Event "CYCC U16"]
[Site "Calgary CAN"]
[Date "2023.07.21"]
[Round "6.35"]
[White "Valavan, Aaryan"]
[Black "Hamboyan, Vartan"]
[Result "1-0"]
[WhiteElo "1157"]
[BlackElo "1319"]
[PlyCount "93"]
[EventDate "2023.07.19"]
[EventType "swiss"]
[EventRounds "7"]
[EventCountry "CAN"]

1. g3 d5 2. Bg2 e5 3. d3 Nf6 4. Nf3 Bd6 5. Bg5 c6 6. Nbd2 h6 7. Bxf6 Qxf6 8. e4
d4 9. c3 c5 10. cxd4 cxd4 11. O-O Nc6 12. a3 a5 13. Rc1 Be6 14. Qa4 O-O 15. Nc4
Bxc4 16. Qxc4 Rfc8 17. Qb5 Rc7 18. Nd2 Rac8 19. Nc4 Qe6 20. Qd5 Qxd5 21. exd5
Ne7 22. Bh3 f5 23. Rce1 Rd8 24. Nxd6 Rxd6 25. Rxe5 f4 26. Rfe1 Nxd5 27. Rxd5
Rxd5 28. Be6+ Kf8 29. Bxd5 fxg3 30. hxg3 Rc2 31. Bxb7 Rxb2 32. Ba6 Ra2 33. Re4
Rxa3 34. Rxd4 Ke7 35. Bc4 Ra1+ 36. Kg2 a4 37. Re4+ Kf6 38. Re2 h5 39. Ra2 Rxa2
40. Bxa2 g5 41. Kf3 Ke5 42. Ke3 a3 43. d4+ Kd6 44. Ke4 Ke7 45. Kf5 h4 46. gxh4
gxh4 47. Kg4 1-0

[Event "CYCC U16"]
[Site "Calgary CAN"]
[Date "2023.07.21"]
[Round "6.36"]
[White "Sura, Aditya"]
[Black "Thomas, Hudson"]
[Result "0-1"]
[WhiteElo "1096"]
[BlackElo "1189"]
[PlyCount "114"]
[EventDate "2023.07.19"]
[EventType "swiss"]
[EventRounds "7"]
[EventCountry "CAN"]

1. e4 e5 2. Nf3 Nc6 3. Bb5 Nf6 4. O-O Nxe4 5. d4 Nd6 6. Bxc6 dxc6 7. dxe5 Nf5
8. Qxd8+ Kxd8 9. Rd1+ Ke8 10. h3 h5 11. Nc3 Be6 12. Bg5 Be7 13. Rd2 g6 14. Rad1
Bxg5 15. Nxg5 Ng7 16. Nge4 b6 17. Nf6+ Ke7 18. Nce4 Rad8 19. f3 Rxd2 20. Rxd2
Rd8 21. Rxd8 Kxd8 22. Kf2 Bxa2 23. b3 Bb1 24. c3 Bxe4 25. Nxe4 Ke7 26. Ng5 c5
27. Ke3 Ne6 28. Ne4 Kd7 29. Nf6+ Kc6 30. Ng8 c4 31. b4 a5 32. bxa5 bxa5 33. Kd2
Kd5 34. Ne7+ Kxe5 35. Nc6+ Kf4 36. Nxa5 Kg3 37. Nxc4 Kxg2 38. Ke3 Kxh3 39. Kf2
Kh4 40. Ne5 Nd8 41. Kg2 Kg5 42. Kg3 Kf5 43. Nd3 f6 44. Kh4 Ne6 45. Kg3 g5 46.
c4 c5 47. Kg2 Nf4+ 48. Kg3 Nxd3 49. Kh3 Kf4 50. Kg2 h4 51. Kh3 Kxf3 52. Kh2 Ne5
53. Kg1 Nxc4 54. Kh2 Kf2 55. Kh3 f5 56. Kh2 Nd6 57. Kh1 c4 0-1

[Event "CYCC U16"]
[Site "Calgary CAN"]
[Date "2023.07.21"]
[Round "6.37"]
[White "Yim, Warren"]
[Black "Wright, Joshua"]
[Result "0-1"]
[WhiteElo "739"]
[BlackElo "1137"]
[PlyCount "90"]
[EventDate "2023.07.19"]
[EventType "swiss"]
[EventRounds "7"]
[EventCountry "CAN"]

1. e4 d6 2. d4 Nf6 3. Nc3 g6 4. Nf3 Bg7 5. Bc4 O-O 6. O-O Bg4 7. h3 Bxf3 8.
Qxf3 Nfd7 9. Bd5 c6 10. Bc4 Bxd4 11. Bh6 Bg7 12. Bxg7 Kxg7 13. Rad1 Ne5 14. Qe2
Nxc4 15. Qxc4 Nd7 16. f4 Kg8 17. b4 Rc8 18. e5 dxe5 19. fxe5 Qb6+ 20. Kh1 Nxe5
21. Qf4 f6 22. a4 Nf7 23. Rf3 Rcd8 24. Rxd8 Rxd8 25. b5 cxb5 26. axb5 Qd4 27.
Qxd4 Rxd4 28. Kh2 Nd6 29. Rf1 Rc4 30. Rf3 Rc5 31. Kg3 Rxc3 32. Rxc3 Ne4+ 33.
Kf4 Nxc3 34. g4 a6 35. bxa6 bxa6 36. h4 a5 37. h5 a4 38. hxg6 hxg6 39. g5 a3
40. gxf6 exf6 41. Ke3 a2 42. Kd2 Nb5 43. c4 a1=Q 44. cxb5 Qb2+ 45. Kd1 Qxb5 0-1

[Event "CYCC U16"]
[Site "Calgary CAN"]
[Date "2023.07.21"]
[Round "6.38"]
[White "Wadhwa, Gunraj"]
[Black "Gao, Sean"]
[Result "0-1"]
[WhiteElo "466"]
[BlackElo "1172"]
[PlyCount "52"]
[EventDate "2023.07.19"]
[EventType "swiss"]
[EventRounds "7"]
[EventCountry "CAN"]

1. e4 e5 2. Nf3 Nc6 3. Nc3 Nf6 4. d4 exd4 5. Nxd4 d6 6. Nxc6 bxc6 7. e5 Qe7 8.
Be2 dxe5 9. O-O Qd7 10. Qxd7+ Bxd7 11. Bg5 Nd5 12. Nxd5 cxd5 13. Rfe1 Bd6 14.
Bf3 e4 15. Rad1 Be6 16. Bh5 O-O 17. Be2 f5 18. Bb5 c5 19. Bc6 Rab8 20. b3 d4
21. Bxe4 fxe4 22. Rxe4 Bf5 23. Re2 h6 24. Bh4 g5 25. Bg3 Bxg3 26. fxg3 Bg4 0-1

[Event "CYCC U16"]
[Site "Calgary CAN"]
[Date "2023.07.22"]
[Round "7.15"]
[White "Chen, Max"]
[Black "Liu, Henry"]
[Result "1-0"]
[WhiteElo "2341"]
[BlackElo "2180"]
[PlyCount "85"]
[EventDate "2023.07.19"]
[EventType "swiss"]
[EventRounds "7"]
[EventCountry "CAN"]

1. e4 e6 2. Qe2 c5 3. Nf3 Nc6 4. g3 g6 5. Bg2 Bg7 6. O-O e5 7. Nc3 Nge7 8. Nb5
O-O 9. Nd6 Qc7 10. Nxc8 Raxc8 11. c3 Rcd8 12. Qc4 Na5 13. Qa4 d5 14. d3 b6 15.
b4 dxe4 16. dxe4 cxb4 17. cxb4 Nc4 18. Qc2 Rc8 19. Bh3 f5 20. Bg5 Rf7 21. Rac1
b5 22. Nh4 Rcf8 23. Bxe7 Qxe7 24. exf5 g5 25. Nf3 h5 26. Nd2 g4 27. Bg2 Nxd2
28. Qxd2 Rxf5 29. Be4 Rd8 30. Qxd8+ Qxd8 31. Bxf5 Qg5 32. Be4 Qd2 33. Rfd1 Qxb4
34. Rd8+ Bf8 35. Bd5+ Kg7 36. Rc6 Qe7 37. Rcc8 e4 38. Rxf8 Qe5 39. Rg8+ Kh7 40.
Rh8+ Qxh8 41. Rxh8+ Kxh8 42. Bf7 b4 43. Bxh5 1-0